LEADER 01222nam 2200349 n 450 001 996386720403316 005 20221108053811.0 035 $a(CKB)1000000000622025 035 $a(EEBO)2240911544 035 $a(UnM)99827059 035 $a(UnM)9927875500971 035 $a(EXLCZ)991000000000622025 100 $a19950126d1660 uy | 101 0 $aeng 135 $aurbn||||a|bb| 200 10$aSome of the differences and alterations in the present Common-prayer-book, from the book established by law, in quinto & sexto, Edw. 6. and 1 Eliz$b[electronic resource] 210 $a[London? $cs.n.$d1660] 215 $a7, [1] p 300 $aBy Cornelius Burges. 300 $aCaption title. 300 $aImprint from Wing. 300 $aReproduction of the original in the Harvard University Library. 330 $aeebo-0062 700 $aBurges$b Cornelius$f1589?-1665.$01002137 801 0$bCu-RivES 801 1$bCu-RivES 801 2$bCStRLIN 801 2$bWaOLN 906 $aBOOK 912 $a996386720403316 996 $aSome of the differences and alterations in the present Common-prayer-book, from the book established by law, in quinto & sexto, Edw. 6. and 1 Eliz$92417165 997 $aUNISA